Sự tồn tại nghiệm của bài toán tựa cân bằng đối xứng : (Chuyên ngành: Giải tích)

Nội dung đề tài gồm các bài toán tựa cân bằng, tựa cân bằng đối xứng, bài toán tìm điểm trùng, bất dẳng thức biến phân.

Uloženo v:
Podrobná bibliografie
Hlavní autor: Tô, Thị Thu Hằng
Médium: Kniha
Jazyk:Undetermined
Vydáno: Cần Thơ Trường Đại học Cần Thơ 2008
Témata:
Tagy: Přidat tag
Žádné tagy, Buďte první, kdo otaguje tento záznam!
Thư viện lưu trữ: Trung tâm Học liệu Trường Đại học Cần Thơ
LEADER 00956nam a2200217Ia 4500
001 CTU_135955
008 210402s9999 xx 000 0 und d
082 |a 515 
082 |b H116 
088 |a 604601 
100 |a Tô, Thị Thu Hằng 
245 0 |a Sự tồn tại nghiệm của bài toán tựa cân bằng đối xứng : 
245 0 |b (Chuyên ngành: Giải tích) 
245 0 |c Tô Thị Thu Hằng ; Phan Quốc Khánh giáo viên hướng dẫn 
260 |a Cần Thơ 
260 |b Trường Đại học Cần Thơ 
260 |c 2008 
520 |a Nội dung đề tài gồm các bài toán tựa cân bằng, tựa cân bằng đối xứng, bài toán tìm điểm trùng, bất dẳng thức biến phân. 
650 |a Mathematical analysis,Toán giả tích 
904 |i Tuyến 
980 |a Trung tâm Học liệu Trường Đại học Cần Thơ